000 00854nam a22002057a 4500
999 _c1449
_d1449
003 AR-CdUCM
008 190227b ||||| |||| 00| 0 spa d
040 _aMUNICIPALIDAD PROVINCIAL DEL CUSCO
_cBIBLIOTECA MUNICIPAL DEL CUSCO
082 _a332.4685 /
_bY12
100 _aYábar Acuña, Francisco
_95486
245 _aLas últimas acuñaciones provinciales 1883-1886 :
_bLas casas de moneda de Cuzco y Arequipa después de la Guerra del Pacífico /
260 _aPerú :
_bEd. Impr. Amarilys,
_c1996.
300 _a272 paginas ;
_c21 cm.
505 _aIntroduccion --La guerra civil de 1883 --Acuñaciones en la casa de moneda del Cusco --Acuñaciones en la casa de moneda del Arequipa:1885 --Documentos ...
650 _aBibliografias
_9991
650 _aHistoria
_9246
650 _aMoneda
_95487
942 _2ddc
_cLIBROS
945 _arjall
_d2019-02-27